Diseño de un sistema de gestión de la calidad, según la norma ISO/IEC 17025, para el laboratorio de Geotecnia y Materiales del Ministerio de Obras Pública y Transportes

Đã lưu trong:
Chi tiết về thư mục
Tác giả chính: García Villalobos, Ricardo
Định dạng: Sách
Ngôn ngữ:Undetermined
Được phát hành: [San José, Costa Rica] 2004
Những chủ đề:
Các nhãn: Thêm thẻ
Không có thẻ, Là người đầu tiên thẻ bản ghi này!

MARC

LEADER 00000nam a2200000Ia 4500
003 009454
005 20221231144133.0
008 140114s9999 xx 000 0 und d
040 |c cru CEDI  
090 |a TFG 4995 
100 |a García Villalobos, Ricardo   |9 2550 
245 |a Diseño de un sistema de gestión de la calidad, según la norma ISO/IEC 17025, para el laboratorio de Geotecnia y Materiales del Ministerio de Obras Pública y Transportes  
260 |c 2004  |a [San José, Costa Rica] 
300 |a  xiii, 196 hojas : ilustraciones  
500 |a  Proyecto de graduación (licenciatura en ingeniería industrial)--Universidad de Costa Rica. Facultad de Ingeniería. Escuela de Ingeniería Industrial 
650 |x COSTA RICA. MINISTERIO DE OBRAS PUBLICAS Y TRANSPORTES. SUBDIRECCION DE GEOTECNIA Y MATERIALES   |x GESTION ADMINISTRATIVA   |x CALIDAD TOTAL   |x CONTROL DE CALIDAD   |x  NORMAS   |x ISO   |x NORMAS DE CALIDAD   |x ENSAYOS DE MATERIALES   |x MUESTREO  |9 6182 
942 |c TFG 
999 |c 17428  |d 17428